[Event "LSS SC-2009-0-00036"]
[Site "LSS email"]
[Date "2009.07.17"]
[Round "?"]
[White "Turner, Larry"]
[Black "Champion, Christopher"]
[Result "0-1"]
[WhiteElo "1424"]
[BlackElo "1784"]
[PlyCount "32"]
[EventDate "2009.05.18"]
[EventType "tourn (corr)"]
[EventRounds "6"]
[EventCountry "GER"]
[SourceTitle "Corr 2013"]
[Source "ChessBase"]
[SourceDate "2012.11.12"]
[SourceVersion "1"]
[SourceVersionDate "2012.11.12"]
[SourceQuality "1"]
[WhiteTeam "US of America"]
[BlackTeam "US of America"]
[WhiteTeamCountry "USA"]
[BlackTeamCountry "USA"]

1. e4 c5 2. Nf3 d6 3. d4 cxd4 4. Nxd4 Nc6 5. Nc3 Nf6 6. Bg5 e6 7. Qd2 Be7 8. 0-0-0 0-0 9. Nb3 Qb6 10. f3 a6 11. h4 Rd8 12. h5 h6 13. Be3 Qc7 14. g4 d5 15. Qg2 dxe4 16. Rxd8+ Qxd8 0-1

[Event "LSS WC-2012-S-00011"]
[Site "LSS email"]
[Date "2009.07.13"]
[Round "?"]
[White "Baumgartner, Ulrich"]
[Black "Champion, Christopher"]
[Result "1/2-1/2"]
[WhiteElo "2236"]
[BlackElo "1732"]
[PlyCount "68"]
[EventDate "2009.07.18"]
[EventType "tourn (corr)"]
[EventRounds "10"]
[EventCountry "GER"]
[SourceTitle "Corr 2013"]
[Source "ChessBase"]
[SourceDate "2012.11.12"]
[SourceVersion "1"]
[SourceVersionDate "2012.11.12"]
[SourceQuality "1"]
[WhiteTeam "US of America"]
[BlackTeam "US of America"]
[WhiteTeamCountry "USA"]
[BlackTeamCountry "USA"]

1. d4 Nf6 2. c4 g6 3. Nc3 Bg7 4. e4 d6 5. Be2 0-0 6. f4 c5 7. Nf3 cxd4 8. Nxd4 Nc6 9. Be3 Qb6 10. Nc2 Qa5 11. 0-0 Nd7 12. Bd2 Qd8 13. Kh1 b6 14. Qe1 Bb7 15. Rd1 Re8 16. Be3 Qc7 17. Nd5 Qd8 18. b4 a5 19. a3 axb4 20. axb4 Ra2 21. Bd3 e6 22. Nc3 Ra8 23. Be2 Qe7 24. Nb5 Ra2 25. Rd2 e5 26. f5 Nd4 27. fxg6 hxg6 28. Ncxd4 Rxd2 29. Nf5 gxf5 30. Qxd2 f4 31. Bg1 Bf8 32. Nc3 Nf6 33. Qd3 Qc7 34. Bf2 Ra8 1/2-1/2

[Event "LSS WC-2012-S-00011"]
[Site "LSS email"]
[Date "2009.07.13"]
[Round "?"]
[White "Champion, Christopher"]
[Black "Hnatovsky, Nicholas"]
[Result "1/2-1/2"]
[WhiteElo "1803"]
[BlackElo "2274"]
[PlyCount "145"]
[EventDate "2009.07.18"]
[EventType "tourn (corr)"]
[EventRounds "10"]
[EventCountry "GER"]
[SourceTitle "Telechess CBM 147"]
[Source "ChessBase"]
[SourceDate "2012.03.16"]
[SourceVersion "1"]
[SourceVersionDate "2012.03.16"]
[SourceQuality "1"]

1. d4 Nf6 2. c4 e6 3. Nc3 Bb4 4. Qc2 Nc6 5. e3 0-0 6. Bd2 b6 7. Nf3 Bb7 8. a3 Bxc3 9. Bxc3 d5 10. cxd5 Qxd5 11. Bd3 Ne7 12. 0-0 Nf5 13. Rfc1 Rfc8 14. b4 Nd6 15. Qa2 Qh5 16. Qe2 Nfe4 17. Be1 Qd5 18. Qa2 c5 19. Qxd5 Bxd5 20. dxc5 bxc5 21. Ba6 Bb7 22. Bf1 cxb4 23. axb4 Rxc1 24. Rxc1 Rc8 25. Rd1 Bd5 26. Nd4 Nc3 27. Ra1 e5 28. Bxc3 Rxc3 29. Ne2 Rc6 30. Rxa7 Kf8 31. Ra3 Bc4 32. Nc3 Ke7 33. e4 Ke6 34. Na4 Nb5 35. Rg3 Bxf1 36. Nc5+ Kf6 37. Kxf1 Nd4 38. Ra3 Nc2 39. Nd7+ Ke6 40. Ra7 Nxb4 41. Nf8+ Kf6 42. Nxh7+ Kg6 43. Nf8+ Kf6 44. Nd7+ Ke6 45. h4 Rc1+ 46. Ke2 Rc2+ 47. Kf3 Nc6 48. Nf8+ Kf6 49. Rb7 Na5 50. Rb6+ Ke7 51. Nh7 Rc7 52. Kg4 Nc4 53. Ra6 Nd6 54. f3 Nc4 55. Ng5 Ne3+ 56. Kh3 Rd7 57. Ra3 Nc4 58. Ra8 f6 59. Nh7 Ne3 60. h5 Kf7 61. Rf8+ Ke7 62. Rb8 Kf7 63. g4 Rd1 64. Rf8+ Ke7 65. Ra8 Kf7 66. g5 Rh1+ 67. Kg3 fxg5 68. Nxg5+ Kf6 69. Nh3 Nf1+ 70. Kh4 g5+ 71. hxg6 Kxg6 72. Ra6+ Kf7 73. Kg4 1/2-1/2

[Event "LSS SD-2009-0-00028"]
[Site "LSS email"]
[Date "2009.04.08"]
[Round "?"]
[White "D'Emilia, Jack"]
[Black "Champion, Christopher"]
[Result "0-1"]
[WhiteElo "1264"]
[BlackElo "1529"]
[PlyCount "58"]
[EventDate "2009.02.13"]
[EventType "tourn (corr)"]
[EventRounds "6"]
[EventCountry "GER"]
[SourceTitle "Corr 2011"]
[Source "ChessBase"]
[SourceDate "2010.08.31"]
[SourceVersion "1"]
[SourceVersionDate "2010.08.31"]
[SourceQuality "1"]

1. d4 Nf6 2. c4 g6 3. Nc3 Bg7 4. e4 d6 5. Nf3 0-0 6. Be2 e5 7. dxe5 dxe5 8. Qxd8 Rxd8 9. Bg5 Be6 10. Nxe5 h6 11. Bf4 g5 12. Be3 Nxe4 13. Nxe4 Bxe5 14. 0-0 Na6 15. a3 f5 16. Nc5 Nxc5 17. Bxc5 b6 18. Bf3 Bxc4 19. Bxa8 Bxf1 20. Rxf1 Rxa8 21. Be3 Bxb2 22. Bc1 Bxc1 23. Rxc1 Rd8 24. h3 c5 25. Rc4 Rd1+ 26. Kh2 Rd3 27. Ra4 a5 28. g3 Rd4 29. Rxd4 cxd4 0-1

[Event "LSS CP-2007-Q-00015"]
[Site "LSS email"]
[Date "2009.01.15"]
[Round "?"]
[White "Champion, Christopher"]
[Black "De Melo, Gerson Luis"]
[Result "1/2-1/2"]
[WhiteElo "1468"]
[BlackElo "2123"]
[PlyCount "52"]
[EventDate "2009.01.15"]
[EventType "tourn (corr)"]
[EventRounds "6"]
[EventCountry "GER"]
[SourceTitle "Corr 2011"]
[Source "ChessBase"]
[SourceDate "2010.08.31"]
[SourceVersion "1"]
[SourceVersionDate "2010.08.31"]
[SourceQuality "1"]

1. d4 Nf6 2. c4 g6 3. Nc3 d5 4. cxd5 Nxd5 5. e4 Nxc3 6. bxc3 Bg7 7. Nf3 c5 8. Rb1 0-0 9. Be2 cxd4 10. cxd4 Qa5+ 11. Bd2 Qxa2 12. 0-0 Bg4 13. Bg5 h6 14. Be3 Nc6 15. d5 Na5 16. Bc5 b6 17. Bxe7 Rfe8 18. d6 Nc6 19. Bb5 Nxe7 20. h3 Bxf3 21. Qxf3 Rec8 22. dxe7 Qe6 23. e8Q+ Rxe8 24. Bxe8 Rxe8 25. Rfe1 Bf8 26. Qe3 h5 1/2-1/2

[Event "LSS CP-2007-Q-00015"]
[Site "LSS email"]
[Date "2009.01.15"]
[Round "?"]
[White "Champion, Christopher"]
[Black "Komissarov, Yaroslav"]
[Result "1-0"]
[WhiteElo "1653"]
[BlackElo "2167"]
[PlyCount "79"]
[EventDate "2009.01.15"]
[EventType "tourn (corr)"]
[EventRounds "6"]
[EventCountry "GER"]
[SourceTitle "Telechess CBM 137"]
[Source "ChessBase"]
[SourceDate "2010.07.15"]
[SourceVersion "1"]
[SourceVersionDate "2010.07.15"]
[SourceQuality "1"]

1. d4 d5 2. c4 c6 3. Nf3 Nf6 4. Nc3 dxc4 5. a4 Bf5 6. Ne5 Nbd7 7. Nxc4 Qc7 8. g3 e5 9. dxe5 Nxe5 10. Bf4 Nfd7 11. Bg2 f6 12. 0-0 Nc5 13. Ne3 Rd8 14. Ncd5 Qc8 15. b4 Be4 16. bxc5 cxd5 17. Bxe5 fxe5 18. Bxe4 dxe4 19. Qb3 Bxc5 20. Rfd1 Rd4 21. Nd5 b6 22. Rxd4 Bxd4 23. Rd1 Qf5 24. e3 Bc5 25. Nc3 Ke7 26. Qd5 Re8 27. Nxe4 Kf8 28. Nxc5 bxc5 29. Qxc5+ Kg8 30. Qxa7 Rf8 31. Rf1 Qf3 32. a5 h5 33. Qc5 e4 34. Qc4+ Kh7 35. h4 Rf5 36. Qa2 g5 37. Rb1 gxh4 38. Rb7+ Kh6 39. Qe6+ Rf6 40. Qxf6+ 1-0

[Event "IECG WC Cand email"]
[Site "IECG email"]
[Date "2008.02.15"]
[Round "?"]
[White "Holmberg, Per Arne"]
[Black "Champion, Christopher"]
[Result "0-1"]
[WhiteElo "1909"]
[BlackElo "1433"]
[PlyCount "36"]
[EventDate "2008.02.15"]
[EventType "tourn (corr)"]
[EventRounds "6"]
[SourceTitle "Corr 2011"]
[Source "ChessBase"]
[SourceDate "2010.08.31"]
[SourceVersion "1"]
[SourceVersionDate "2010.08.31"]
[SourceQuality "1"]

1. e4 e6 2. d4 d5 3. Nd2 c5 4. Ngf3 cxd4 5. exd5 Qxd5 6. Bc4 Qd6 7. Qe2 Nc6 8. Ne4 Qc7 9. 0-0 Nf6 10. Rd1 Nxe4 11. Qxe4 Bd6 12. h3 Bd7 13. Nxd4 Nxd4 14. Qxd4 Bh2+ 15. Kh1 Be5 16. Qh4 Bf6 17. Qg4 h5 18. Qe2 0-0-0 0-1

[Event "LSS CP-2007-P-00025"]
[Site "LSS email"]
[Date "2007.10.01"]
[Round "?"]
[White "Vazquez, Rene Delfin"]
[Black "Champion, Christopher"]
[Result "0-1"]
[WhiteElo "2105"]
[BlackElo "1784"]
[PlyCount "112"]
[EventDate "2007.10.01"]
[EventType "tourn (corr)"]
[EventRounds "6"]
[EventCountry "GER"]
[SourceTitle "Corr 2015"]
[Source "ChessBase"]
[SourceDate "2015.07.17"]
[SourceVersion "1"]
[SourceVersionDate "2015.07.17"]
[SourceQuality "1"]

1. e4 e6 2. d4 d5 3. Nc3 Bb4 4. e5 c5 5. a3 Bxc3+ 6. bxc3 Ne7 7. h4 Nbc6 8. h5 Qa5 9. Bd2 cxd4 10. cxd4 Qa4 11. c3 Qxd1+ 12. Rxd1 h6 13. Rb1 b6 14. Bd3 Na5 15. Ne2 Bd7 16. g4 Nc4 17. Bc1 Rc8 18. f3 Ba4 19. Kf2 Kd7 20. g5 hxg5 21. Bxg5 Nc6 22. h6 gxh6 23. Bf6 Rhf8 24. Bxc4 dxc4 25. Rxh6 Ne7 26. Bxe7 Kxe7 27. Rbh1 Rg8 28. Nf4 Rg5 29. Nh5 Bc6 30. Nf6 Rd8 31. Rh8 Rg7 32. Ne4 Bxe4 33. Rxd8 Kxd8 34. fxe4 Kd7 35. a4 Rg8 36. Kf3 Kc6 37. Rh6 b5 38. d5+ Kc5 39. axb5 Kxb5 40. dxe6 fxe6 41. Rxe6 a5 42. Re7 Kb6 43. e6 a4 44. Rd7 Re8 45. e7 a3 46. Rd6+ Kb7 47. Rd2 Rxe7 48. Ra2 Rf7+ 49. Ke3 Rd7 50. Rxa3 Kc6 51. Kf4 Rf7+ 52. Ke5 Rf3 53. Ke6 Rh3 54. Kf5 Re3 55. Ke5 Rf3 56. Ke6 Rh3 0-1